La pédagogie différenciée (Record no. 356)

MARC details
000 -LEADER
fixed length control field 01287nam a2200265 4500
008 - FIXED-LENGTH DATA ELEMENTS--GENERAL INFORMATION
fixed length control field s2004 fr fre u
020 ## - INTERNATIONAL STANDARD BOOK NUMBER
International Standard Book Number 2011708028
020 ## - INTERNATIONAL STANDARD BOOK NUMBER
International Standard Book Number 9782011708021
040 ## - CATALOGING SOURCE
Original cataloging agency LB-BrCRDP
082 1# - DEWEY DECIMAL CLASSIFICATION NUMBER
Classification number 371
Item number PRZ
100 1# - MAIN ENTRY--PERSONAL NAME
Personal name Przesmycki, Halina
245 13 - TITLE STATEMENT
Title La pédagogie différenciée
Statement of responsibility, etc. Halina Przesmycki
260 ## - PUBLICATION, DISTRIBUTION, ETC.
Place of publication, distribution, etc. Paris
Name of publisher, distributor, etc. Hachette
Date of publication, distribution, etc. 2004
300 ## - PHYSICAL DESCRIPTION
Extent 159 p.
Dimensions 23 cm
490 0# - SERIES STATEMENT
Series statement Profession enseignant
500 ## - GENERAL NOTE
General note Sommaire, index des fiches.
520 ## - SUMMARY, ETC.
Summary, etc. Les différences cognitives et socioculturelles des élèves, une richesse ? Oui, lorsque cette hétérogénéité est prise en compte concrètement dans l'élaboration et la réussite d'un apprentissage.L'auteur propose ici un processus général et des démarches de pédagogie différenciée qui présentent une réponse possible aux difficultés des élèves. Conçu comme un guide pratique, cet ouvrage aidera les enseignants désireux d'organiser dans leurs classes une pédagogie différenciée comme possible remédiation à l'échec scolaire.
650 4# - SUBJECT ADDED ENTRY--TOPICAL TERM
Topical term or geographic name entry element Pédagogie différenciée
650 4# - SUBJECT ADDED ENTRY--TOPICAL TERM
Topical term or geographic name entry element Elèves hétérogénes
650 4# - SUBJECT ADDED ENTRY--TOPICAL TERM
Topical term or geographic name entry element Diagnostic initial
650 4# - SUBJECT ADDED ENTRY--TOPICAL TERM
Topical term or geographic name entry element Remédiation
650 4# - SUBJECT ADDED ENTRY--TOPICAL TERM
Topical term or geographic name entry element Echec scolaire
942 ## - ADDED ENTRY ELEMENTS (KOHA)
Koha item type Books
Holdings
Withdrawn status Lost status Source of classification or shelving scheme Damaged status Not for loan Home library Current library Shelving location Date acquired Source of acquisition Cost, normal purchase price Total Checkouts Full call number Barcode Date last seen Copy number Price effective from Koha item type
    Dewey Decimal Classification     مكتب الاعداد والتدريب - الدكوانه مكتب الاعداد والتدريب - الدكوانه Standard Shelving Location 07/28/2016       371.9 PRZ   07/28/2016   07/28/2016 Books
    Dewey Decimal Classification     مكتبة دار المعلمين و المعلمات - النبطية مكتبة دار المعلمين و المعلمات - النبطية Salle de Lecture 12/17/2005 Ambassade de France 0.00   371.9046 PRZ. CRN357 07/28/2016 1 07/28/2016 Books
    Dewey Decimal Classification     مكتبة دار المعلمين و المعلمات - بئر حسن مكتبة دار المعلمين و المعلمات - بئر حسن Salle de Lecture 04/04/2006 Ambassade de France 0.00   371.9 Prz CRB365 07/27/2016 1 07/27/2016 Books
    Dewey Decimal Classification     مكتبة دار المعلمين و المعلمات - بئر حسن مكتبة دار المعلمين و المعلمات - بئر حسن Salle de Lecture 07/02/2008 Ambassade de France 0.00   371 Prz CRB2271 07/27/2016 1 07/27/2016 Books
    Dewey Decimal Classification     مكتبة دار المعلمين و المعلمات - جونية مكتبة دار المعلمين و المعلمات - جونية Salle de Lecture 12/17/2005 Ambassade de France 18.00   371.9046 PRZ. CRJ357 07/27/2016 1 07/27/2016 Books
    Dewey Decimal Classification     مكتبة دار المعلمين و المعلمات - جونية مكتبة دار المعلمين و المعلمات - جونية Salle de Lecture 01/28/2009 Ambassade de France 18.00   371.9046 PRZ. CRJ3104 07/27/2016 2 07/27/2016 Books
    Dewey Decimal Classification     مكتبة دار المعلمين و المعلمات - زحلة مكتبة دار المعلمين و المعلمات - زحلة Salle de Lecture 01/20/2006 Amb. de France 19.68   371 PRZ CRZ360 07/26/2016 1 07/26/2016 Books
    Dewey Decimal Classification     مكتبة دار المعلمين و المعلمات - زحلة مكتبة دار المعلمين و المعلمات - زحلة Salle de Lecture 11/20/2008 Amb. de France 19.68   371 PRZ CRZ3439 07/26/2016 2 07/26/2016 Books
    Dewey Decimal Classification     مكتبة دار المعلمين و المعلمات - صيدا مكتبة دار المعلمين و المعلمات - صيدا Salle de Lecture 09/26/2006 Ambassade de France 0.00   371.3 PRZ CRS1205 07/28/2016 1 07/28/2016 Books
    Dewey Decimal Classification     مكتبة دار المعلمين و المعلمات - طرابلس مكتبة دار المعلمين و المعلمات - طرابلس Salle de Lecture 06/24/2006 Ambassade de France 0.00   371.25 PRZ CRT185 07/27/2016 1 07/27/2016 Books
    Dewey Decimal Classification     مكتبة دار المعلمين و المعلمات - طرابلس مكتبة دار المعلمين و المعلمات - طرابلس Salle de Lecture 03/07/2009 Ambassade de France 0.00   371.25 PRZ CRT2865 07/27/2016 2 07/27/2016 Books